000
00304nam a2200121Ia 4500
008
220204s9999 xx 000 0 und d
082
_a
808.2
_b
DUF
100
_a
Duff, Charles
245
0
_a
Russian for adults
260
_a
London
_b
English Universities
_c
1962
700
_a
Makaroff, Dmitri
942
_c
BK
999
_c
25538
_d
25538